000 00491nam a2200181Ia 4500
005 20250508150207.0
008 008 250505s9999 xx 000 0 eng d
037 _aTextual
040 _aFEDL
_beng
_cFEDL
041 _aeng
_2eng
084 _a822.33, MAS
_qFEDL
100 _aMasefield John
245 0 _aWilliam Shakespeare
260 _aLondon, UK
_bOxford University Press
_c1946
300 _aviii,256p
942 _cTEXL
_h822.33, MAS
999 _c1322312
_d1322312